Principios de economía
I tiakina i:
| Kaituhi matua: | |
|---|---|
| Hōputu: | Pukapuka |
| Reo: | Pāniora |
| I whakaputaina: |
Madrid
Paraninfo
2012
|
| Putanga: | 6a. ed |
| Ngā marau: | |
| Ngā Tūtohu: |
Tāpirihia he Tūtohu
Kāore He Tūtohu, Me noho koe te mea tuatahi ki te tūtohu i tēnei pūkete!
|
MARC
| LEADER | 00000cam a2200000 a 4500 | ||
|---|---|---|---|
| 001 | UCD3250 | ||
| 003 | CL-VaPUC | ||
| 005 | 20240717163648.0 | ||
| 008 | 160603e20120000sp |||||||||||||||||spa|d | ||
| 999 | |c 364286 |d 364284 | ||
| 020 | |a 9788497328975 | ||
| 040 | |c Pontificia Universidad Católica de Valparaíso | ||
| 082 | 0 | 4 | |a 330 |b MAN |2 21 |
| 100 | |a Mankiw, N. Gregory |e autor |9 861929 | ||
| 245 | 1 | 0 | |a Principios de economía |
| 250 | |a 6a. ed | ||
| 260 | |a Madrid |b Paraninfo |c 2012 | ||
| 300 | |a 858 p | ||
| 583 | |a last modification |c 20160603 11:42:00 |k Rodrigo Vera | ||
| 650 | 0 | |a Economía |9 255568 |x Aspectos básicos | |
| 650 | 0 | |a Empresas |9 255569 |x Competencia de mercado | |
| 650 | 0 | |a Mercado laboral |9 375911 |x Ingresos y producción | |
| 650 | 0 | |a Macroeconomía |9 260301 |x Aspectos teóricos | |
| 942 | |c BK |2 ddc | ||
| 945 | |d 20160603 11:42:00 |a cmena | ||
| 952 | |0 0 |1 0 |3 erb |4 0 |6 330_000000000000000_MAN_2012 |7 0 |8 R |9 477286 |a BIBAGR |b BIBAGR |i 5290589 |l 3 |o 330 MAN 2012 |p 5290589 |r 2025-01-20 |s 2024-10-25 |w 2019-11-24 |y BK_R |z Catalogado en:20160603 |k AGR | ||
| 952 | |0 0 |1 0 |3 erb |4 0 |6 330_000000000000000_MAN_2012 |7 0 |8 R |9 477287 |a BIBAGR |b BIBAGR |i 5290597 |o 330 MAN 2012 |p 5290597 |r 2025-01-20 |w 2019-11-24 |y BK_R |z Catalogado en:20160603 |k AGR | ||
| 952 | |0 0 |1 0 |3 erb |4 0 |6 330_000000000000000_MAN_2012 |7 0 |8 R |9 477288 |a BIBAGR |b BIBAGR |i 5290600 |l 1 |o 330 MAN 2012 |p 5290600 |r 2025-01-20 |s 2023-09-20 |w 2019-11-24 |y BK_R |z Catalogado en:20160603 |k AGR | ||
| 952 | |0 0 |1 0 |3 erb |4 0 |6 330_000000000000000_MAN_2012 |7 0 |8 R |9 477289 |a BIBAGR |b BIBAGR |i 5290619 |o 330 MAN 2012 |p 5290619 |r 2025-01-20 |w 2019-11-24 |y BK_R |z Catalogado en:20160603 |k AGR | ||
| 952 | |0 0 |1 0 |3 erb |4 0 |6 330_000000000000000_MAN_2012 |7 0 |8 R |9 477290 |a BIBAGR |b BIBAGR |i 5290627 |o 330 MAN 2012 |p 5290627 |r 2025-01-20 |w 2019-11-24 |y BK_R |z Catalogado en:20160603 |k AGR | ||
| 952 | |0 0 |1 0 |3 erb |4 0 |6 330_000000000000000_MAN_2012 |7 0 |8 R |9 477291 |a BIBAGR |b BIBAGR |i 5290635 |o 330 MAN 2012 |p 5290635 |r 2025-01-20 |w 2019-11-24 |y BK_R |z Catalogado en:20160603 |k AGR | ||
| 952 | |0 0 |1 0 |3 erb |4 0 |6 330_000000000000000_MAN_2012 |7 0 |8 R |9 477292 |a BIBAGR |b BIBAGR |i 5290643 |o 330 MAN 2012 |p 5290643 |r 2025-01-20 |w 2019-11-24 |y BK_R |z Catalogado en:20160603 |k AGR | ||
| 952 | |0 0 |1 0 |2 ddc |3 erb |4 0 |6 330_000000000000000_MAN_2012 |7 0 |8 A |9 477293 |a BIBING |b BIBING |c RES |i 5293820 |l 37 |m 6 |o 330 MAN 2012 |p 5293820 |r 2025-05-05 |s 2025-04-23 |w 2019-11-24 |y BK |z Catalogado en:20160616 |k GEO | ||
| 952 | |0 0 |1 0 |2 ddc |3 erb |4 0 |6 330_000000000000000_MAN_2012 |7 0 |8 A |9 477294 |a BIBING |b BIBING |c RES |i 5293812 |l 19 |m 5 |o 330 MAN 2012 |p 5293812 |q 2025-05-12 |r 2025-04-28 |s 2025-04-28 |w 2019-11-24 |y BK |z Catalogado en:20160616 |k GEO | ||